Chemie 1 /
Guardado en:
| Autor principal: | |
|---|---|
| Formato: | Libro |
| Lenguaje: | checo |
| Publicado: |
Praha :
SNTL,
1986
|
| Edición: | 1.vyd. |
| Materias: | |
| Etiquetas: |
Sin Etiquetas, Sea el primero en etiquetar este registro!
|
MARC
| LEADER | 00000nam a22000003a 4500 | ||
|---|---|---|---|
| 001 | stu38316 | ||
| 005 | 20150617225723.4 | ||
| 008 | 921013s1986----cs------------------cze-d | ||
| 040 | |a STU |b slo | ||
| 041 | 0 | |a cze | |
| 044 | |a cs | ||
| 080 | |a 54(075.8) | ||
| 100 | 1 | |a Komenda, Josef |4 aut | |
| 245 | 1 | |a Chemie 1 / |c [aut.]Josef Komenda | |
| 250 | |a 1.vyd. | ||
| 260 | |a Praha : |b SNTL, |c 1986 | ||
| 300 | |a 98 s | ||
| 650 | 7 | |a chémia |2 stusub | |
| 996 | |b 284M044572 |c M*S-667-1 |l MMKN |s A |a 24 |w stu38316_0001 | ||